|
|
|
|
| LEADER |
00000nam a2200000 i 4500 |
| 001 |
DIGPAKARIN0015 |
| 003 |
NyNyDIG |
| 008 |
200707s2011 pe ob 000 0 spa d |
| 006 |
m o d |
| 007 |
cr ||||||||||| |
| 035 |
|
|
|a (OCoLC)1187205547
|
| 040 |
|
|
|a DGITA
|b eng
|e rda
|e pn
|c DGITA
|
| 020 |
|
|
|z 9786124600012
|
| 020 |
|
|
|z 6124600013
|
| 041 |
1 |
|
|a spa
|a que
|h spa
|
| 043 |
|
|
|a s-pe---
|
| 050 |
1 |
4 |
|a PM6308.2 ebook
|
| 082 |
0 |
4 |
|a 898.3231
|
| 100 |
1 |
|
|a Noriega Bernuy, Julio,
|e author.
|
| 245 |
1 |
0 |
|a Escritura quechua en el Perú /
|c Julio E. Noriega Bernuy.
|
| 264 |
|
1 |
|a Lima :
|b Facultad de Letras y Ciencias Humanas, Universidad Nacional Mayor de San Marcos :
|b Pakarina Ediciones,
|c [2011]
|
| 300 |
|
|
|a 1 online resource.
|
| 336 |
|
|
|a text
|b txt
|2 rdacontent
|
| 337 |
|
|
|a computer
|b c
|2 rdamedia
|
| 338 |
|
|
|a online resource
|b cr
|2 rdacarrier
|
| 347 |
|
|
|a text file
|2 rdaft
|
| 347 |
|
|
|b PDF
|
| 490 |
1 |
|
|a Biblioteca Qillqakuna ;
|v no. 3
|
| 504 |
|
|
|a Includes bibliographical references.
|
| 546 |
|
|
|a In Spanish, some text in Quechua with Spanish translation.
|
| 588 |
0 |
|
|a Online resource; title from PDF title page (Digitalia, viewed July 7, 2020)
|
| 650 |
|
0 |
|a Quechua poetry
|x History and criticism.
|
| 650 |
|
0 |
|a Quechua language
|x Writing.
|
| 655 |
|
0 |
|a Electronic books.
|
| 791 |
2 |
|
|a Digitalia (Firm),
|e distributor.
|
| 793 |
0 |
|
|g Digitalia eBook Collection:
|a Pakarina Ediciones
|
| 776 |
0 |
8 |
|i Print version:
|a Noriega Bernuy, Julio.
|t Escritura quechua en el Perú.
|b Primera edición.
|d Lima : Facultad de Letras y Ciencias Humanas, Universidad Nacional Mayor de Sam Marcos : Pakarina Ediciones, 2011
|z 9786124600012
|w (DLC) 2011503970
|w (OCoLC)769460023
|
| 830 |
|
0 |
|a Biblioteca Qillqakuna ;
|v no. 3.
|
| 856 |
4 |
0 |
|3 Digitalia Hispánica
|u https://www.digitaliapublishing.com/a/58711/
|
| 910 |
|
|
|a Premium collection: 2020
|